Técnicas básicas de programación /

Desde una perspectiva más práctica que teórica, en esta obra se analizan los elementos del currículo con el objetivo de proponer estrategias y procedimientos para llevar a cabo su programación. Se centra en la programación matricial de los contenidos, en que las relaciones entre los conceptos es tan...

Descripció completa

Guardat en:
Dades bibliogràfiques
Autor principal: Noriega, Juan (autor)
Altres autors: Muñoz, Alberto (autor) (autor), Gómez Dacal, Gonzalo (presentación) (presentación)
Format: Llibre
Idioma:espanyol
Publicat: Madrid, España : Escuela Española, 1996, c1996
Col·lecció:(Educación al Día. Didáctica y Pedagogía)
Matèries:
Etiquetes: Afegir etiqueta
Sense etiquetes, Sigues el primer a etiquetar aquest registre!

MARC

LEADER 00000nam^a2200000^a^4500
001 000271796
005 20250521000000.0
009 20260310111038.638
020 |a 84-331-0706-2 
037 |a Acervo ITESO - Biblioteca 
041 |a ESP 
082 |a 375. 001  |b NOR 
100 |a Noriega, Juan  |e (autor) 
245 1 0 |a Técnicas básicas de programación /  |c J. Noriega, A. Muñoz ; presen. de G. Gómez Dacal. 
264 4 |a Madrid, España :  |b Escuela Española,  |c 1996, c1996 
300 |a 356 p. 
336 |a texto  |b txt  |2 rdacontenido 
337 |a sin mediación  |b n  |2 rdamedio 
338 |a volumen  |b nc  |2 rdasoporte 
440 1 |a (Educación al Día.  |p Didáctica y Pedagogía) 
520 |a Desde una perspectiva más práctica que teórica, en esta obra se analizan los elementos del currículo con el objetivo de proponer estrategias y procedimientos para llevar a cabo su programación. Se centra en la programación matricial de los contenidos, en que las relaciones entre los conceptos es tan importante como la aprehensión de los conceptos en sí mismos. 
649 |a XX 
650 |a Proyecto Educativo 
650 |a Objetivo Educativo 
650 |a Diseño y Revisión Curricular -  |x Tema Principal 
650 |a Currículo 
650 |a Educación 
700 |a Muñoz, Alberto  |e (autor) 
700 |a Gómez Dacal, Gonzalo  |e (presentación) 
910 |a Fondo General 
920 |a Impresos - Libros 
930 |a Colección General 
905 |a 101 
901 |a 0500157508  |b IT1  |c ACC  |u 20250521 
902 |a https://opac.biblio.iteso.mx/vufind/Record/000271796